Регионална библиотека "Любен Каравелов" - Русе

Мики и приятели състезатели. Всички на риболов (Запис номер 451931)

MARC детайли
000 -Лидер
Контролно поле с фиксирана дължина 00963nas a2200253 a 4500
003 - Код на организацията, давaща контролен номер
Контролно поле BLK
005 - Дата и час на последна редакция
Контролно поле 20250404180255.0
008 - Елементи от данни с фиксирана дължина
fixed length control field 220404b bu |||||r|||| 00| 0 bu d
020 ## - Международен стандартен номер на книга ISBN
Международен стандартен номер на книга ISBN 9772612121039
022 ## - Международен стандартен номер на серия ISSN
Международният стандартен номер на серията ISSN 2612-1212
040 ## - Източник на каталожния запис
Идентификатор на билиотеката - собственик на записа BLK
041 ## - Код за език
Код за езика на текст/звукозапис или на отделно заглавие Български
Код за езика КДБФ Български
080 ## - УДК
Текстов определител УДК Литература на отделни езици и езикови семейства
УДК код - определител по УДК 821
УДК - код + определител 821-93-94
139 ## - Редно поле
Редна дума Мики и приятели състезатели. Всички на риболов
Авторски знак Мик - М 54
245 ## - Сведения за заглавието
Заглавие Мики и приятели състезатели. Всички на риболов
260 ## - Област на издателските данни
9 (RLIN) 210229
Място на издаване, разпространение и проч. Milano
Име на издателя, разпространителя и проч. Hachette
Година на издаване 2021
300 ## - Физическа характеристика
Страници [28] с.
Илюстрации и др. с цв. ил.
Размери/Мащаб 21 см
380 ## - Жанр
Жанр Детска худож. лит.
490 ## - СЕРИИ (Колекции)
9 (RLIN) 443207
Име на серия Златна колекция вълшебни приказки
№: серия № 131
ISSN 2612-1212
852 ## - Местоположение
Форматна сигнатура 821-93/М 54
Фондова буква Детски отдел
999 ## - СИСТЕМНИ КОНТРОЛНИ НОМЕРА
Koha biblionumber 451931
Koha biblioitemnumber 451931
942 ## - АРТИКУЛИ
Вид на библиотечния материал Продължаващи издания
Скрит в OPAC Не
Периодичен библиозапис Да
Koha issues (borrowed), all copies 29
944 ## - СЪЗДАВАНЕ И РЕДАКЦИЯ на ЗАПИСА
Създаване/Редакция Създаване
Дата на регистрацията/редакция 2022-04-04
Служител, извършил регистрацията/редакцията 30564
Статус, дата на статуса Анна Гръцманова
999 ## - СИСТЕМНИ КОНТРОЛНИ НОМЕРА
Koha biblioitemnumber 451931
Наличности
Код за отписване Код за изгубен артикул Източник на класификационната схема Код за повреда Коз за рестрикции Код за отдаване Артикулен № Име на библиотеката - собственик Име на библиотеката, в която се намира в момента Статус (Текущо местоположение) Дата на вписване в системата Местоположение - отдел Цена в лева Систематично азбучна сигнатура Баркод Цена в евро Служебен тип на артикула
  Не е изгубен Universal Decimal Classification Не е повреден без рестрикции заемане за дома 880309 Регионална библиотека "Любен Каравелов" Русе Регионална библиотека "Любен Каравелов" Русе Детски отдел 2022-04-05 Детски отдел 5.95 821-93/М 54 120000870612 3.04 Продължаващи издания
Vip Innovations Ltd, Rousse, Bulgaria 2025